Report on annual survey of industries, 1984-85 factory sector (Record no. 507882)

000 -LEADER
fixed length control field 00576nam a22001577a 4500
005 - DATE AND TIME OF LATEST TRANSACTION
control field 20190227164558.0
008 - FIXED-LENGTH DATA ELEMENTS--GENERAL INFORMATION
fixed length control field 180809b ||||| |||| 00| 0 eng d
040 ## - CATALOGING SOURCE
Transcribing agency
082 ## - DEWEY DECIMAL CLASSIFICATION NUMBER
Classification number T2068x5461 D378/1983-84
100 ## - MAIN ENTRY--PERSONAL NAME
Personal name India. Bureau of Economics and Statistics
9 (RLIN) 232
245 ## - TITLE STATEMENT
Title Report on annual survey of industries, 1984-85 factory sector
Remainder of title by Bureau of Economics and and Statistics
260 ## - PUBLICATION, DISTRIBUTION, ETC. (IMPRINT)
Place of publication, distribution, etc Delhi
Name of publisher, distributor, etc Bureau of Economics and Statistics
Date of publication, distribution, etc 1990
300 ## - PHYSICAL DESCRIPTION
Extent 111p.
500 ## - GENERAL NOTE
General note Library has 1981-82, 1982-83, 1983-84, 1984-85, 1988-89 and 1989-90
942 ## - ADDED ENTRY ELEMENTS (KOHA)
Source of classification or shelving scheme
Item type GG
Holdings
Withdrawn status Lost status Source of classification or shelving scheme Damaged status Koha normalized classification for sorting Not for loan Permanent location Current location Date acquired Full call number Barcode Date last seen Price effective from Koha item type
        T_2068X5461_D378_198384   Indian Institute of Public Administration Indian Institute of Public Administration 2019-02-27 T2068x5461 D378/1983-84 GG33484 2019-02-27 2019-02-27 GG

Powered by Koha